| 000 | 00000nam##2200000za#4500 |
| 001 | 9.573768 |
| 003 | CaOODSP |
| 005 | 20210624183847 |
| 007 | cr ||||||||||| |
| 008 | 150406|1991||||xxc|||||o f|0| 0 eng|d |
| 022 | |a1488-5379 |
| 040 | |aCaOODSP|beng |
| 043 | |an-cn--- |
| 086 | 1 |aFs97-6/1824E-PDF |
| 110 | 1 |aCanada.|bDepartment of Fisheries and Oceans. |bFish Habitat Management Branch. |
| 245 | 10|aMercury concentrations of fish in Southern Indian Lake and Issett Lake, Manitoba, 1975-88 : |h[electronic resource]|bthe effect of lake impoundment and Churchill River diversion / |cby N.E. Strange, R.A. Bodaly and R.J.P. Fudge. |
| 260 | |aWinnipeg - Manitoba : |bFisheries and Oceans Canada. |c1991. |
| 300 | |a36p.|bgraphs, map, references, tables |
| 490 | 1 |aCanadian technical report of fisheries and aquatic sciences|x1488-5379|vNo. 1824 |
| 500 | |aThe catalogue number (Fs97-6/1824E) and ISSN (0706-6457) for the print edition have been incorrectly copied in this electronic publication. |
| 546 | |a(Résumé en français) |
| 590 | |a12-22-Supp|b2012-05-24 |
| 720 | 1 |aStrange, N. E. |
| 720 | 1 |aBodaly, R. A. |
| 720 | 1 |aFudge, R. J. P. |
| 776 | 0#|tMercury concentrations of fish in Southern Indian Lake and Issett Lake, Manitoba, 1975-88: the effect of lake impoundment and Churchill River diversion / |w(CaOODSP)9.610032 |
| 830 | #0|aCanadian technical report of fisheries and aquatic sciences,|x1488-5379|vNo. 1824|w(CaOODSP)9.504449 |
| 856 | 40|ahttp://publications.gc.ca|qPDF|s854 KB|uhttps://publications.gc.ca/collections/collection_2012/mpo-dfo/Fs97-6-1824-eng.pdf|yNo. 1824 |